000 01404nam a2200397 a 4500
001 000110308
003 CHAP
005 20220329144126.0
008 140813s1985 it |r| ||||||eng d
010 _a106770
011 _a107742
040 _cCHAP
082 _a651.53
_bF21
245 1 0 _aRecords administration handbook for field offices = Manuel d'archivage a l'usage des bureaux de tierrain = Manual de registros y archivos para las oficinas de campo /
_cpor A.G. Georgiadis.
246 _aManual de registros y archivos para las oficinas de campo
260 _aRoma :
_bFAO,
_c1985.
300 _av,. 208 p. [pag. varia].
500 _aContenido solo en español
546 _a(español)
590 _aBATCH-UPD
_b05
_c20140813
_lUCH01
_h1448
590 _aE11695DGD
_b10
_c20140819
_lUCH01
_h0914
590 _aE5995AHE
_b05
_c20140813
_lUCH01
_h1418
590 _aE5995AHE
_b05
_c20140813
_lUCH01
_h1448
590 _aE5995AHE
_b05
_c20140813
_lUCH01
_h1452
590 _aE5995AHE
_b05
_c20140814
_lUCH01
_h0848
590 _aE5995AHE
_b05
_c20140814
_lUCH01
_h0851
590 _aE5995AHE
_b05
_c20140814
_lUCH01
_h0852
650 1 4 _aAgricultura
_91172
650 1 4 _aClasificación de archivos.
_9127784
650 1 4 _aPersonal
_xAdministración de.
_987325
650 1 4 _aTenencia de la tierra.
_9125889
700 1 _aGeorgiadis, A. G.
_9127783
901 _aBK
942 _cLIBRO
942 _n0
999 _c106770
_d106770